00715nam a2200217Ia 4500003000900000005001700009008004100026040001300067040001300080041000800093100002700101245007700128260002300205260000900228300000900237300001000246490000600256942001200262999001700274952020600291IT-RoPAU20220918175645.0120407s9999 xx 000 0 und d aIT-RoPAU cIT-RoPAU aita aEugenio Fornasari9723 aL’uomo del servizio. Cenni biogafici di don Benedetto Saverio Boano... aSan Paolo Edizioni c1992 bill. c21 cm v1 cBK2ddc c23710d23710 00102ddc406OMFP__31_00000000000000071aPAULUSbPAULUSd2012-04-11l0oOMFP.31r2012-04-11 00:00:00w2012-04-11yBKzInserito da: Sergio In data: 27 settembre 2011 fondo: Via A.Severo 56 Progr:17996